Music Quiz

Random Music or Singers Quiz

Imagine Dragons or Maroon 5? Quiz Stats

 Plays Quiz Updated Apr 18, 2020

     
Support Sporcle.
Go Orange.
Score 0/24 Timer 02:00
1 Play Today
Song (I)magine Dragons or (M)aroon 5 % Correct
Moves Like Jagger???
93.4%
She Will Be Loved???
90.5%
Believer???
90.2%
Radioactive???
86.4%
Thunder???
85%
Demons???
84.7%
Sugar???
84.4%
On Top of the World???
80.8%
Payphone???
80%
Sucker For Pain???
79.6%
What Lovers Do???
79.2%
One More Night???
78.6%
Song (I)magine Dragons or (M)aroon 5 % Correct
This Love???
77.7%
Animals???
75.6%
Maps???
73.2%
Natural???
71.8%
Shots???
71.5%
Gold???
70.3%
Makes Me Wonder???
68.9%
Walking the Wire???
67.7%
Don't Wanna Know???
65.2%
I Bet My Life???
61.9%
Cold???
55.9%
Goodnight Goodnight???
54.9%

From the Vault

Books Missing 'K' Words

by kfastic

You don't see many books with 'Kyrgyzstan' in the title, unfortunately.
Remove Ads.
Support Sporcle.
Get the best of Sporcle when you Go Orange. This ad-free experience offers more features, more stats, and more fun while also helping to support Sporcle. Thank you for becoming a member.

Show Comments

Extras

Top Quizzes Today


Score Distribution

Your Account Isn't Verified!

In order to create a playlist on Sporcle, you need to verify the email address you used during registration. Go to your Sporcle Settings to finish the process.

Report this User

Report this user for behavior that violates our Community Guidelines.

Details: